LDR 00635naa#a2200193#i#450# 001 EN\\bibl\120369 005 20260428002140.2 011 ## _a0235-2524 100 ## _a20260416b2026####ek#y0engy0150####ca 102 ## _aRU 200 1# _aSeasonal migration of heavy metals in the waters of the Upper Volga basin _eJournal article 210 1# _aMoscow _cANO Editorial Board Melioration and water management _d2026 215 ## _a5 с. 608 ## _aJournal article _2local 700 #1 _aTolkachev _gGleb Yur'evich 700 #1 _aDedova _gEl'vira Batyrevna 700 #1 _aIlyina _gTamara Andreevna 700 #1 _aGet'man _gEvgeniya Nikolaevna 856 4# _amivh.editorum.ru _u